|
|
|
|
| LEADER |
00816nam a22002777a 4500 |
| 020 |
|
|
|a 9789380179186 (HBK)
|
| 082 |
|
|
|a 635 SIM/BA
|
| 100 |
|
|
|a SIMSON, SHARON PASTOR
|
| 100 |
|
|
|a STRAUS, MARTHA C.
|
| 245 |
|
|
|a BASICS OF HORTICULTURE
|
| 260 |
|
|
|a JAIPUR
|b OXFORD
|c 2010
|
| 300 |
|
|
|a 312P.
|
| 650 |
|
|
|a INTRODUCTION
|
| 650 |
|
|
|a PLANT ANATOMY
|
| 650 |
|
|
|a PLANT NUTRITION
|
| 650 |
|
|
|a MORPHOLOGY
|
| 650 |
|
|
|a PLANT PROPAGATION
|
| 650 |
|
|
|a VEGETABLE GARDENING
|
| 650 |
|
|
|a PRACTICES
|
| 650 |
|
|
|a WEED CONTROL
|
| 650 |
|
|
|a PEST MANAGEMENT
|
| 650 |
|
|
|a HARVESTING
|
| 650 |
|
|
|a HORTICULTURAL MARKETING
|
| 942 |
|
|
|c BK
|
| 999 |
|
|
|c 167383
|d 167383
|
| 952 |
|
|
|0 0
|1 0
|4 0
|6 635_000000000000000_SIM_BA
|7 0
|9 171118
|a KAUCOAP
|b KAUCOAP
|c GEN
|d 2013-07-29
|g 1900.00
|o 635 SIM/BA
|p KAU_COAP08704
|r 2013-07-29
|w 2013-07-29
|y BK
|